The banker life / (Record no. 1708)
[ view plain ]
| 000 -LEADER | |
|---|---|
| fixed length control field | nam a22 a 4500 |
| 003 - CONTROL NUMBER IDENTIFIER | |
| control field | AKMAL |
| 005 - DATE AND TIME OF LATEST TRANSACTION | |
| control field | 20170511142857.0 |
| 008 - FIXED-LENGTH DATA ELEMENTS--GENERAL INFORMATION | |
| fixed length control field | 170511t1987 ny 00 eng d |
| 020 ## - INTERNATIONAL STANDARD BOOK NUMBER | |
| International Standard Book Number | 039302458X (pbk.) |
| 040 ## - CATALOGING SOURCE | |
| Original cataloging agency | AKMAL |
| Transcribing agency | AKMAL |
| 082 04 - DEWEY DECIMAL CLASSIFICATION NUMBER | |
| Classification number | 332.109 MOO |
| 090 00 - LOCALLY ASSIGNED LC-TYPE CALL NUMBER (OCLC); LOCAL CALL NUMBER (RLIN) | |
| Classification number (OCLC) (R) ; Classification number, CALL (RLIN) (NR) | 332.109 |
| Local cutter number (OCLC) ; Book number/undivided call number, CALL (RLIN) | MOO |
| 100 1# - MAIN ENTRY--PERSONAL NAME | |
| Personal name | Moore, George S. |
| Fuller form of name | (George Stevens), |
| Dates associated with a name | 1905- |
| 9 (RLIN) | 3522 |
| 245 14 - TITLE STATEMENT | |
| Title | The banker life / |
| Statement of responsibility, etc. | George S.Moore |
| 260 ## - PUBLICATION, DISTRIBUTION, ETC. | |
| Place of publication, distribution, etc. | New York : |
| Name of publisher, distributor, etc. | Norton, |
| Date of publication, distribution, etc. | 1987 |
| 300 00 - PHYSICAL DESCRIPTION | |
| Extent | 328p. : |
| Other physical details | ill. ; |
| Dimensions | 24cm |
| 500 ## - GENERAL NOTE | |
| General note | Includes index |
| 600 10 - SUBJECT ADDED ENTRY--PERSONAL NAME | |
| Personal name | Moore, George S |
| 9 (RLIN) | 3523 |
| 650 #0 - SUBJECT ADDED ENTRY--TOPICAL TERM | |
| Topical term or geographic name entry element | Bankers |
| General subdivision | Biography |
| Geographic subdivision | New York (State) |
| -- | New York |
| 9 (RLIN) | 3524 |
| 942 ## - ADDED ENTRY ELEMENTS (KOHA) | |
| Source of classification or shelving scheme | |
| Koha item type | Book |
| Withdrawn status | Lost status | Source of classification or shelving scheme | Damaged status | Not for loan | Collection code | Home library | Current library | Shelving location | Date acquired | Inventory number | Total Checkouts | Full call number | Barcode | Date last seen | Price effective from | Koha item type |
|---|---|---|---|---|---|---|---|---|---|---|---|---|---|---|---|---|
| NON-FICTION | AKMAL Melaka | AKMAL Melaka | PINJAMAN | 11.05.2017 | 300629 | 332.109 MOO | 201705527 | 11.05.2017 | 11.05.2017 | Book |
